Statistiques concernant Mots de la langue française se terminant par "teau"

Cliquez ici pour prendre le quiz!

Statistiques générales

  • Ce quiz a été pris 296 fois
    (291 depuis la dernière actualisation)
  • Le résultat moyen est 12 sur 17

Statistiques - réponses

IndiceMot% Correct
navirebateau
99%
habitation seigneuriale ou royalechâteau
93%
instrument tranchantcouteau
93%
cirque, tentechapiteau
90%
pâtisseriegâteau
89%
outil de frappemarteau
89%
outil de jardinagerâteau
89%
vêtementmanteau
87%
pylônepoteau
81%
à fromages par exempleplateau
69%
scoutlouveteau
66%
crabetourteau
63%
affiche, pancrateécriteau
56%
petite collinecoteau
41%
chevalettréteau
40%
jeu d'argent sur la voie publiquebonneteau
29%
petite solecéteau
6%

Distribution des résultats

Percentile par nombre de réponses

% des personnes avec chaque résultat

Votre développement - résultats

Vous n’avez pas pris ce quiz depuis la dernière actualisation